Statistics for NCAA College Teams by State: Michigan

Click here to take the quiz!

General Stats

  • This quiz has been taken 39 times
  • The average score is 14 of 24

Answer Stats

% Correct
Division I-ACentral MichiganChippewas
100%
Division I-AEastern MichiganEagles
100%
Division I-AMichiganWolverines
100%
Division I-AMichigan StateSpartans
100%
Division I-AWestern MichiganBroncos
100%
Division I-AADetroit MercyTitans
79%
Division IINorthern MichiganWildcats
71%
Division I-AAOaklandGolden Grizzlies
71%
Division IIMichigan TechHuskies
68%
Division IIFerris StateBulldogs
58%
Division IIGrand Valley StateLakers
55%
Division IILake Superior StateLakers
55%
Division IISaginaw Valley StateCardinals
50%
Division IIIHopeFlying Dutchmen
47%
Division IIWayne StateWarriors
47%
Division IIIAdrianBulldogs
42%
Division IIIKalamazooHornets
42%
Division IIIAlmaScots
39%
Division IIIAlbionBritons
32%
Division IIICalvinKnights
32%
Division IIHillsdaleChargers
26%
Division IIDavenportPanthers
24%
Division IINorthwoodTimberwolves
24%
Division IIIOlivetComets
24%

Score Distribution

Percentile by Number Answered

Percent of People with Each Score

Your Score History

You have not taken this quiz